Statistics for Superleague Greece Top Scorers

Click here to take the quiz!

General Stats

  • This quiz has been taken 112 times
    (90 since last reset)
  • The average score is 32 of 67

Answer Stats

SeasonClubNationalityPlayer# of goals% Correct
2020-21Olympiacos PiraeusMoroccoYoussef El Arabi22
96%
2019-20Olympiacos PiraeusMoroccoYoussef El Arabi20
96%
2009-10PanathinaikosFranceDjibril Cissé23
87%
2010-11PanathinaikosFranceDjibril Cissé20
87%
2016-17PanathinaikosSwedenMarcus Berg22
87%
2011-12Olympiacos PiraeusBelgiumKevin Mirallas20
83%
2017-18PAOK SalonicaSerbiaAleksandar Prijović19
78%
2008-09AEK AthensArgentinaIsmael Blanco14
76%
2007-08AEK AthensArgentinaIsmael Blanco19
76%
1984-85AEK AthensGreeceThomas Mavros27
75%
1977-78AEK AthensGreeceThomas Mavros22
75%
1978-79AEK AthensGreeceThomas Mavros30
75%
1989-90PanioniosGreeceThomas Mavros22
75%
2018-19Atromitos AthensGreeceEfthimis Koulouris19
70%
2012-13Olympiacos PiraeusAlgeriaRafik Djebbour20
70%
2003-04Olympiacos PiraeusBrazilGiovanni21
68%
1994-95PanathinaikosPolandKrzysztof Warzycha29
64%
1993-94PanathinaikosPolandKrzysztof Warzycha24
64%
1997-98PanathinaikosPolandKrzysztof Warzycha32
64%
2015-16Olympiacos PiraeusGreeceKostas Fortounis18
63%
1998-99AEK AthensGreeceDemis Nikolaidis22
61%
2014-15Asteras TripolisArgentinaJerónimo Barrales17
61%
1983-84Olympiacos PiraeusGreeceNikos Anastopoulos18
57%
1985-86Olympiacos PiraeusGreeceNikos Anastopoulos19
57%
1986-87Olympiacos PiraeusGreeceNikos Anastopoulos16
57%
1982-83Olympiacos PiraeusGreeceNikos Anastopoulos29
57%
1963-64AEK AthensGreeceMimis Papaioannou29
55%
1965-66AEK AthensGreeceMimis Papaioannou23
55%
1993-94AEK AthensGreeceAlekos Alexandris24
50%
1996-97Olympiacos PiraeusGreeceAlekos Alexandris23
50%
2001-02Olympiacos PiraeusGreeceAlekos Alexandris19
50%
2000-01Olympiacos PiraeusGreeceAlekos Alexandris19
50%
2008-09Olympiacos PiraeusArgentinaLuciano Galletti14
50%
1974-75PanathinaikosGreeceAntonis Antoniadis20
46%
1973-74PanathinaikosGreeceAntonis Antoniadis26
46%
1972-73PanathinaikosGreeceAntonis Antoniadis22
46%
1971-72PanathinaikosGreeceAntonis Antoniadis39
46%
1969-70PanathinaikosGreeceAntonis Antoniadis25
46%
1990-91PanathinaikosGreeceDimitris Saravakos23
45%
1968-69Olympiacos PiraeusGreeceGiorgos Sideris35
45%
1966-67Olympiacos PiraeusGreeceGiorgos Sideris22
45%
1964-65Olympiacos PiraeusGreeceGiorgos Sideris29
45%
2005-06PAOK SalonicaGreeceDimitris Salpingidis17
43%
2004-05Kallithea/PanathinaikosGreeceFanis Gekas18
41%
1959-60AEK AthensGreeceKostas Nestoridis33
39%
1960-61AEK AthensGreeceKostas Nestoridis27
39%
1961-62AEK AthensGreeceKostas Nestoridis29
39%
1962-63AEK AthensGreeceKostas Nestoridis23
39%
2002-03PanathinaikosGreeceNikos Liberopoulos16
37%
2006-07AEK AthensGreeceNikos Liberopoulos18
37%
1979-80AEK AthensYugoslaviaDušan Bajević25
30%
2021-22VolosNetherlandsTom van Weert17
30%
1995-96AEK AthensGreeceVassilis Tsiartas26
28%
1976-77OFI CreteGreeceDimitris Papadopoulos22
24%
1980-81Aris ThessalonikiGreeceDinos Kouis21
24%
1991-92AEK AthensGreeceVassilis Dimitriadis28
20%
1992-93AEK AthensGreeceVassilis Dimitriadis33
20%
1999-00Panionios/PAOK SalonicaGreeceDimitris Nalitzis24
16%
2013-14XanthiArgentinaEsteban Solari16
13%
1975-76AEK AthensGreeceGiorgos Dedes15
11%
1970-71PanioniosGreeceGiorgos Dedes28
11%
1987-88AEK AthensDenmarkHenrik Nielsen21
5%
1988-89Olympiacos VolosHungaryImre Boda20
3%
1974-75Ethnikos PiraeusUruguayRoberto Calcaterra20
3%
1976-77Ethnikos PiraeusGreeceThanasis Intzoglou22
3%
1967-68PanioniosGreeceThanasis Intzoglou24
3%
1981-82PanathinaikosGreeceGrigoris Charalabidis21
0%

Score Distribution

Percentile by Number Answered

Percent of People with Each Score

Your Score History

You have not taken this quiz since the last reset